| 000 | 01340nam a2200337 a 4500 | ||
|---|---|---|---|
| 001 | ebr10671573 | ||
| 003 | CaPaEBR | ||
| 006 | m u | ||
| 007 | cr cn||||||||| | ||
| 008 | 130322s2012 gw a sb 001 0 eng d | ||
| 020 | _z9783527328680 | ||
| 020 | _z9783527327478 | ||
| 020 | _z9783527669875 (e-book) | ||
| 040 |
_aCaPaEBR _cCaPaEBR |
||
| 035 | _a(OCoLC)836864122 | ||
| 050 | 1 | 4 |
_aQD400 _b.E33 2012eb |
| 082 | 0 | 4 |
_a547.59 _223 |
| 100 | 1 | _aEicher, Theophil. | |
| 245 | 1 | 4 |
_aThe chemistry of heterocycles _h[electronic resource] : _bstructure, reactions, synthesis, and applications / _cTheophil Eicher, Siegfried Hauptmann, and Andreas Speicher. |
| 250 | _a3rd, completely rev. and enl. ed. | ||
| 260 |
_aWeinheim : _bWiley-VCH, _cc2012. |
||
| 300 |
_axiii, 632 p. : _bill. |
||
| 504 | _aIncludes bibliographical references and indexes. | ||
| 533 |
_aElectronic reproduction. _bPalo Alto, Calif. : _cebrary, _d2013. _nAvailable via World Wide Web. _nAccess may be limited to ebrary affiliated libraries. |
||
| 650 | 0 | _aHeterocyclic chemistry. | |
| 655 | 7 |
_aElectronic books. _2local |
|
| 700 | 1 | _aHauptmann, Siegfried. | |
| 700 | 1 | _aSpeicher, Andreas. | |
| 710 | 2 | _aebrary, Inc. | |
| 856 | 4 | 0 |
_uhttp://site.ebrary.com/lib/rucke/Doc?id=10671573 _zAn electronic book accessible through the World Wide Web; click to view |
| 999 |
_c62911 _d62911 |
||